000 00669cam a2200241 4500500
005 20260329005305.0
041 _afre
042 _adc
100 1 0 _aSorente, Isabelle
_eauthor
245 0 0 _aScience de la fiction
260 _c2023.
500 _a54
690 _aCommunication
690 _aDésinformation
690 _aFake news
690 _aFiction
690 _aInfox
690 _aManipulation
690 _aOlga Tokarczuk
690 _aRécit
786 0 _nPhilosophie magazine | 168 | 4 | 2023-04-01 | p. 22-22 | 1951-1787
856 4 1 _uhttps://shs.cairn.info/magazine-philosophie-magazine-2023-4-page-22?lang=fr&redirect-ssocas=7080
999 _c1842018
_d1842018